Najwięksi partnerzy handlowi - USA - Statystyki

Ogólne statystyki
  • Ten quiz został rozwiązany 51 razy
  • Średni wynik to 15 z 21
Statystyki odpowiedzi
Import Eksport Państwo % Poprawnych
468 803 171 707 Chiny
100%
422 170 348 503 Kanada
98%
163 546 75 612 Niemcy
98%
152 066 79 741 Japonia
96%
509 986 334 041 Meksyk
96%
61 157 44 396 Francja
94%
69 269 79 941 Wielka Brytania
94%
49 700 Brazylia
91%
91 234 41 753 Indie
89%
135 461 65 541 Korea Południowa
85%
78 446 32 483 Włochy
85%
34 593 Australia
83%
89 649 Holandia
68%
34 178 Belgia
66%
118 730 42 337 Tajwan
62%
64 127 Szwajcaria
49%
103 755 Irlandia
45%
142 476 Wietnam
45%
53 849 Malezja
36%
66 011 Tajlandia
34%
46 033 Singapur
32%
Nie znaleziono quizów pasujących do podanych kryteriów
Rozkład punktacji
Procent ludzi z każdym wynikiem
Percentyl według liczby udzielonych odpowiedzi
Twoja historia wyników
Nie rozwiązałeś tego quizu